| 000 | 00404nam a22001457a 4500 | ||
|---|---|---|---|
| 050 |
_aTK146 _b.D44 1980 |
||
| 100 | _aDeere & Company | ||
| 245 | _aElectrical fundamentals | ||
| 260 |
_a Moline _bDeere and Co. _c1980 |
||
| 300 | _a 107 p. | ||
| 650 |
_bElectricity _vHandbooks |
||
| 650 |
_bAgricultural machinery _xElectric equipment |
||
| 650 |
_bElectric motors _xMaintenance and repair |
||
| 942 | _cGEN | ||
| 999 |
_c3725 _d3725 |
||